01663nam a2200169Ia 450000500170000000800410001702000180005808200150007624500760009126000450016730000290021250000410024152010530028265000320133599900170136795201090138420250117104110.0250117s9999 xx 000 0 und d a9780798302883 a341.330REG 0aRegional integration in Africabbridging the North - Sub-Saharan divide apretoriabAfrica Inst South Africac2011 axiv, 102, 97 p. ; 25 cm. aIncludes bibliographical references. aRegional Integration in Africa Bridging the North-Sub-Saharan Divide came about as a research project conducted by the Africa Institute of South Africa and examines the North African countries' strategies of involvement in the African continent, and their integration initiatives. The book looks at major issues involving Egypt, Libya, Tunisia, Algeria, Morocco and Mauritania. These countries, in most cases, have been treated as separate from sub-Saharan Africa. However, the historical reality and economic and political interests indicate that the North African countries have been and still are closely connected with the rest of the African continent. Egypt, for example, was one of the leading countries in the African unity movement, and, together with Libya, has contributed to the restructuring of the African continental organisation and the establishment of the African Union. The book consists of two parts. The first part includes five chapters written in English, the second part of the book comprises six chapters written in Arabic. aRegional economics -Africa. c11128d11128 00104070aU002bU002cAfricad2025-01-17l0o341.330REGpUR001020r2025-01-31 00:00:00w2025-01-17yBK